000 00758nam a2200265 a 4500
001 50591
003 BD-RjUL
005 20211209075531.0
008 160828s1992 enka 001 0 eng d
020 _a0198534353 (pbk)
020 _a0198534361
035 _a(BD-RjUL)50711
040 _aBD-RjUL
_beng
_cBD-RjUL
041 _aeng
082 _a512.5
_bBEL 1992
100 1 _aBerberian, Sterling K.
_9151498
245 1 0 _aLinear algebra /
_cSterling K. Berberian
260 _aOxford :
_bOxford University Press,
_c1992
300 _axiv, 356 p :
_bill. ;
_c25 cm
504 _aIncludes bibliography and index
650 0 _aAlgebras, Linear
_9137168
830 0 _aOxford science publications.
_9151499
942 _2ddc
_cBK
999 _c50591
_d50591